Pays où l'on travaille le plus - Statistiques

Statistiques générales
  • Ce quiz a été pris 257 fois
  • Le résultat moyen est 9 sur 13
Statistiques - réponses
Nombre d'heures Pays % Correct
1 490 France
93%
1 607 Japon
91%
1 791 Etats-Unis
88%
1 349 Allemagne
80%
1 874 Russie
78%
1 685 Canada
75%
1 915 Corée du Sud
71%
1 497 Royaume-Uni
68%
2 128 Mexique
62%
1 444 Suède
46%
1 830 Pologne
44%
1 417 Pays-Bas
37%
1 872 Grèce
27%
Aucun quiz correspondant
Distribution des résultats
% des personnes avec chaque résultat
Percentile par nombre de réponses
Votre historique - résultats
Vous n’avez pas pris ce quiz